|
|
|
|
| LEADER |
00000nam0a2200000 4500 |
| 001 |
185977 |
| 005 |
20231101223942.0 |
| 035 |
|
|
|a (RuTPU)RU\TPU\book\201798
|
| 090 |
|
|
|a 185977
|
| 100 |
|
|
|a 20101020d2010 m y0rusy50 ca
|
| 101 |
0 |
|
|a rus
|
| 102 |
|
|
|a RU
|
| 105 |
|
|
|a y j 001zy
|
| 200 |
1 |
|
|a История стран Азии и Африки
|e тесты текущего контроля
|e учебно-методическое пособие
|f Н. И. Гузарова
|g Национальный исследовательский Томский политехнический университет (ТПУ)
|
| 210 |
|
|
|a Томск
|c Изд-во ТПУ
|d 2010
|
| 215 |
|
|
|a 93 с.
|
| 320 |
|
|
|a Библиогр.: с. 92.
|
| 330 |
|
|
|a В сборнике представлены тестовые задания различных типов и уровней сложности по всем основным темам курса. Хронологически тестовые задания охватывают периоды древности и средневековья. Предназначено для организации текущего контроля и самоконтроля знаний, умений и навыков студентов-регионоведов при изучении базовой дисциплины «История стран Азии и Африки» и может быть использовано на семинарских занятиях, а также в самостоятельной работе над курсом.
|
| 452 |
|
1 |
|0 (RuTPU)RU\TPU\book\213124
|t История стран Азии и Африки
|o тесты текущего контроля
|o учебно-методическое пособие
|f Н. И. Гузарова
|g Национальный исследовательский Томский политехнический университет (ТПУ)
|c Томск
|n Изд-во ТПУ
|d 2010
|a Гузарова, Надежда Ивановна
|
| 606 |
1 |
|
|a Азия
|x История
|2 stltpush
|3 (RuTPU)RU\TPU\subj\68948
|9 84005
|
| 606 |
1 |
|
|a Африка
|x История
|2 stltpush
|3 (RuTPU)RU\TPU\subj\69178
|9 84145
|
| 610 |
1 |
|
|a Древняя Месопотамия
|
| 610 |
1 |
|
|a Древний Египет
|
| 610 |
1 |
|
|a Древний Иран
|
| 610 |
1 |
|
|a Древний Китай
|
| 610 |
1 |
|
|a Древняя Индия
|
| 610 |
1 |
|
|a Древняя Корея
|
| 610 |
1 |
|
|a Малая Азия
|
| 610 |
1 |
|
|a Средневековый Восток
|
| 610 |
1 |
|
|a Средневековый Иран
|
| 610 |
1 |
|
|a Средневековый Китай
|
| 610 |
1 |
|
|a Средневековая Корея
|
| 610 |
1 |
|
|a Средневековая Япония
|
| 610 |
1 |
|
|a Арабский халифат
|
| 610 |
1 |
|
|a Османская империя
|
| 610 |
1 |
|
|a тесты
|
| 610 |
1 |
|
|a учебные пособия
|
| 610 |
1 |
|
|a труды учёных ТПУ
|
| 686 |
|
|
|a Т3(5)я7
|v LBC/SL-A
|2 rubbk
|
| 686 |
|
|
|a Т3(6)я7
|v LBC/SL-A
|2 rubbk
|
| 700 |
|
1 |
|a Гузарова
|b Н. И.
|c историк
|c доцент кафедры истории и регионоведения Томского политехнического университета
|g Надежда Ивановна
|2 stltpush
|3 (RuTPU)RU\TPU\pers\26631
|
| 712 |
0 |
2 |
|a Национальный исследовательский Томский политехнический университет (ТПУ)
|c (2009- )
|2 stltpush
|3 (RuTPU)RU\TPU\col\15902
|
| 801 |
|
1 |
|a RU
|b 63413507
|c 20101020
|
| 801 |
|
2 |
|a RU
|b 63413507
|c 20150825
|g RCR
|
| 900 |
|
|
|a История стран Азии и Африки
|
| 942 |
|
|
|c BK
|